Countries of Africa Speedrun. - Statistics

General Stats
  • This quiz has been taken 69 times
  • The average score is 29 of 54
Answer Stats
Answer % Correct
Algeria
90%
Egypt
83%
Morocco
83%
Libya
78%
Mali
75%
Tunisia
73%
Angola
70%
Eritrea
68%
South Africa
68%
Democratic Republic of the Congo
65%
Djibouti
65%
Ghana
65%
Kenya
65%
Somalia
65%
Mauritania
63%
Republic of the Congo
63%
Benin
60%
Ethiopia
60%
Guinea
60%
Niger
60%
Sudan
60%
Chad
58%
Nigeria
58%
Zambia
58%
Lesotho
55%
South Sudan
55%
Tanzania
55%
Gambia
53%
Namibia
53%
Togo
53%
Uganda
53%
Burundi
50%
Eswatini
50%
Zimbabwe
50%
Botswana
48%
Madagascar
48%
Malawi
48%
Rwanda
48%
Cameroon
45%
Central African Republic
45%
Gabon
45%
Guinea-bissau
45%
Mauritius
45%
Mozambique
45%
Senegal
45%
Seychelles
45%
Comoros
43%
Burkina Faso
40%
Equatorial Guinea
38%
Sao Tome and Principe
35%
Ivory Coast
33%
Liberia
30%
Sierra Leone
20%
Cabo Verde
18%
No matching quizzes found
Score Distribution
Percent of People with Each Score
Percentile by Number Answered
Your Score History
You have not taken this quiz